000 00465nam a2200181Ia 4500
008 100917s9999 xx 000 0 und d
082 _b46430
100 _aElinore Havers
245 _aPonies Across The River
260 _bLutter worth press
_c1970
300 _a127
365 _b0
520 _aबालविभाग
630 _aPonies Across The River
650 _aबालविभाग
730 _aPonies Across The River
942 _cBOOK
999 _c651824
_d651821